[Event "Dutton CC End of Summer Swiss"]
[Site "Toronto CAN"]
[Date "1999.08.25"]
[Round "3"]
[White "Acayan, Ray"]
[Black "Taradash, Brett"]
[Result "1-0"]
[WhiteElo "1357"]
[BlackElo "1259"]
[PlyCount "71"]
[GameId "2160767911742475"]
[EventDate "1999.08.11"]
[EventType "swiss"]
[EventRounds "8"]
[EventCountry "CAN"]

1. e4 e5 2. Nf3 Nf6 3. Nc3 Ng4 4. d4 Nc6 5. Bb5 a6 6. Bxc6 bxc6 7. dxe5 Nxf2 8. Kxf2 Bc5+ 9. Be3 Bb4 10. Rf1 a5 11. Kg1 O-O 12. Qd2 Ba6 13. Rf2 d6 14. exd6 cxd6 15. Ne1 c5 16. a3 Bxc3 17. Qxc3 h6 18. Rf3 Bb7 19. Bxh6 gxh6 20. Rg3+ Qg5 21. Rxg5+ hxg5 22. Qg3 f6 23. h4 Rae8 24. Qb3+ Rf7 25. hxg5 fxg5 26. Nf3 Kg7 27. Nxg5 a4 28. Qxf7+ Kh6 29. Qxe8 Kxg5 30. Qe7+ Kf4 31. Qxb7 c4 32. e5 Kxe5 33. Re1+ Kd4 34. Re4+ Kc5 35. Qc7+ Kd5 36. Qxc4# 1-0

[Event "Dutton CC End of Summer Swiss"]
[Site "Toronto CAN"]
[Date "1999.09.01"]
[Round "4"]
[White "Miller, David"]
[Black "Leung, Kevin"]
[Result "1-0"]
[WhiteElo "1914"]
[BlackElo "1393"]
[PlyCount "127"]
[GameId "2160767911742476"]
[EventDate "1999.08.11"]
[EventType "swiss"]
[EventRounds "8"]
[EventCountry "CAN"]

1. d4 d5 2. Nf3 Nf6 3. Bf4 Bf5 4. c4 c6 5. Nc3 e6 6. e3 dxc4 7. Bxc4 Be7 8. O-O Nbd7 9. Nd2 Bg6 10. a4 Nh5 11. Qf3 Qb6 12. b3 O-O 13. Nde4 Nxf4 14. Qxf4 Rac8 15. Nd6 Bxd6 16. Qxd6 Qc7 17. Qxc7 Rxc7 18. a5 a6 19. e4 Nf6 20. f3 h6 21. Rfd1 Rd8 22. Na4 Kf8 23. Rac1 Rcd7 24. Nc5 Rc7 25. Bxe6 Ke7 26. Bc4 Nd7 27. Na4 f5 28. Nc3 Nf6 29. e5 Nd5 30. Bxd5 cxd5 31. Nxd5+ Rxd5 32. Rxc7+ Rd7 33. Rdc1 Bf7 34. b4 Bd5 35. R7c5 Bc6 36. Rxc6 bxc6 37. Rxc6 Rxd4 38. Rb6 g5 39. Kf2 f4 40. Ke2 h5 41. Rxa6 Rxb4 42. Rb6 Ra4 43. a6 Ra5 44. Kd3 Rxe5 45. a7 Ra5 46. Rh6 h4 47. Rh8 Rxa7 48. Rh7+ Kf6 49. Rxa7 Kg6 50. Ke4 h3 51. gxh3 Kf6 52. Ra6+ Ke7 53. Kf5 Kd7 54. Kxg5 Kc7 55. Kxf4 Kb7 56. Rd6 Kc7 57. Ke5 Kb7 58. Kd5 Kc7 59. Kc5 Kb7 60. Rd7+ Kc8 61. Kc6 Kb8 62. Kb6 Kc8 63. Rd6 Kb8 64. Rd8# 1-0

[Event "Edmonton closed"]
[Site "Edmonton CAN"]
[Date "1999.01.08"]
[Round "1"]
[White "Trikha, Ravi"]
[Black "Ottosen, David"]
[Result "0-1"]
[WhiteElo "1990"]
[BlackElo "2070"]
[PlyCount "108"]
[GameId "2160767911805812"]
[EventDate "1999.01.08"]
[EventType "tourn"]
[EventRounds "7"]
[EventCountry "CAN"]

1. e4 c5 2. Nf3 Nc6 3. d4 cxd4 4. Nxd4 Nf6 5. Nc3 d6 6. Bg5 e6 7. Qd2 Be7 8. O-O-O O-O 9. h4 h6 10. Bf4 Nxd4 11. Qxd4 e5 12. Bxe5 dxe5 13. Qxe5 Qe8 14. Bb5 Bd7 15. Bxd7 Nxd7 16. Qf5 Nb6 17. g4 Bf6 18. g5 Bxc3 19. bxc3 g6 20. Qf6 h5 21. e5 Qe6 22. Qxe6 fxe6 23. Rd6 Rae8 24. a4 Nxa4 25. Rd7 Rf7 26. Rhd1 Nc5 27. Rxf7 Kxf7 28. Rd4 Ke7 29. c4 Rd8 30. Rf4 Nd7 31. Re4 Rc8 32. Kb2 Rc5 33. f4 Nb6 34. Kb3 Ra5 35. Re1 Rc5 36. Re4 Na8 37. Kb4 b6 38. Rd4 Nc7 39. Rd6 Ne8 40. Rd3 Ng7 41. c3 Nf5 42. Rh3 a5+ 43. Kb3 a4+ 44. Kxa4 Rxc4+ 45. Kb5 Rxf4 46. Kxb6 Re4 47. Kc6 Rxe5 48. c4 Re4 49. c5 Rxh4 50. Ra3 Nd4+ 51. Kb6 e5 52. c6 Nxc6 53. Kxc6 Ke6 54. Re3 Rg4 0-1

[Event "Edmonton closed"]
[Site "Edmonton CAN"]
[Date "1999.01.15"]
[Round "2"]
[White "Dean, Tim"]
[Black "Ottosen, David"]
[Result "0-1"]
[WhiteElo "1850"]
[BlackElo "2070"]
[PlyCount "96"]
[GameId "2160767911805813"]
[EventDate "1999.01.08"]
[EventType "tourn"]
[EventRounds "7"]
[EventCountry "CAN"]

1. e4 c5 2. Nf3 Nc6 3. d4 cxd4 4. Nxd4 Nf6 5. Nc3 d6 6. Be2 e5 7. Nb3 Be7 8. O-O O-O 9. Be3 Be6 10. f4 exf4 11. Bxf4 d5 12. exd5 Nxd5 13. Nxd5 Bxd5 14. Bf3 Qb6+ 15. Kh1 Be6 16. Qe1 Bf6 17. Be3 Qc7 18. Bxc6 Qxc6 19. Rxf6 gxf6 20. Bh6 Qxc2 21. Nd4 Qg6 22. Nxe6 Qxh6 23. Nxf8 Qxf8 24. Qc3 Qd6 25. Rf1 Rd8 26. Qf3 b6 27. Qc3 Qd4 28. Qg3+ Kf8 29. Qa3+ Kg7 30. Qg3+ Kh8 31. Qc7 Qd3 32. Qf4 Qd4 33. Qc7 Rd7 34. Qb8+ Kg7 35. Qg3+ Kf8 36. Qb8+ Rd8 37. Qxa7 Qxb2 38. Qc7 Rd5 39. h3 Rg5 40. Rg1 b5 41. h4 Rg6 42. Qd6+ Kg7 43. Qd5 Qf2 44. g3 Rxg3 45. Rxg3+ Qxg3 46. Qxb5 Qxh4+ 47. Kg1 Qd4+ 48. Kh1 Qa1+ 0-1

[Event "Edmonton closed"]
[Site "Edmonton CAN"]
[Date "1999.01.22"]
[Round "3"]
[White "Ottosen, David"]
[Black "Fullbrook, Nigel"]
[Result "0-1"]
[WhiteElo "2070"]
[BlackElo "2300"]
[PlyCount "74"]
[GameId "2160767911805814"]
[EventDate "1999.01.08"]
[EventType "tourn"]
[EventRounds "7"]
[EventCountry "CAN"]

1. d4 d5 2. c4 dxc4 3. e4 Nc6 4. Be3 Nf6 5. f3 e5 6. d5 Na5 7. Qa4+ c6 8. b4 cxb3 9. axb3 Bd7 10. b4 Nxd5 11. exd5 Qh4+ 12. g3 Bxb4+ 13. Bd2 Bxd2+ 14. Nxd2 Qxa4 15. Rxa4 b6 16. dxc6 Bxc6 17. Ra3 Ke7 18. Ne2 Rhd8 19. Nc3 Rd4 20. Be2 Rb4 21. Kd1 Rd8 22. Kc2 f5 23. Rha1 Kf6 24. Na2 Rb2+ 25. Kxb2 Rxd2+ 26. Kc3 Rxe2 27. Nb4 Bxf3 28. R1a2 Rxa2 29. Rxa2 Ke6 30. Ra1 g5 31. Kd3 f4 32. Rc1 e4+ 33. Kc3 Ke5 34. Nc2 Nc6 35. Rb1 Be2 36. Ne1 Nd4 37. Rb4 f3 0-1

[Event "Edmonton closed"]
[Site "Edmonton CAN"]
[Date "1999.01.29"]
[Round "4"]
[White "Lovi, Aaron"]
[Black "Ottosen, David"]
[Result "1/2-1/2"]
[WhiteElo "1750"]
[BlackElo "2070"]
[PlyCount "61"]
[GameId "2160767911805815"]
[EventDate "1999.01.08"]
[EventType "tourn"]
[EventRounds "7"]
[EventCountry "CAN"]

1. d4 Nf6 2. Bg5 Ne4 3. Bf4 g6 4. Nd2 Nxd2 5. Qxd2 Bg7 6. Nf3 d6 7. e4 Nd7 8. Bh6 O-O 9. Bxg7 Kxg7 10. h4 e5 11. h5 Rh8 12. O-O-O Qf6 13. Bc4 h6 14. hxg6 fxg6 15. Rh4 exd4 16. Rdh1 h5 17. Nxd4 Ne5 18. Bb3 a5 19. a4 Bd7 20. f4 Ng4 21. f5 gxf5 22. exf5 Bxf5 23. Rxh5 Rxh5 24. Rxh5 Bd7 25. Rg5+ Kh7 26. Bc4 Ne5 27. Rh5+ Kg7 28. Rg5+ Kh7 29. Rh5+ Kg7 30. Rg5+ Kh7 31. Rh5+ 1/2-1/2

[Event "Edmonton closed"]
[Site "Edmonton CAN"]
[Date "1999.02.12"]
[Round "6"]
[White "Schocat, Eric"]
[Black "Ottosen, David"]
[Result "0-1"]
[WhiteElo "1950"]
[BlackElo "2070"]
[PlyCount "78"]
[GameId "2160767911805817"]
[EventDate "1999.01.08"]
[EventType "tourn"]
[EventRounds "7"]
[EventCountry "CAN"]

1. e4 d5 2. exd5 Nf6 3. d4 Bg4 4. Be2 Bxe2 5. Qxe2 Qxd5 6. Nf3 e6 7. O-O Nc6 8. c4 Qf5 9. d5 Nb4 10. Nd4 Qe4 11. Qxe4 Nxe4 12. a3 Bc5 13. Nxe6 fxe6 14. axb4 Bxb4 15. dxe6 O-O 16. Be3 a6 17. Na3 Rae8 18. Nc2 Bc5 19. Rae1 Bxe3 20. Rxe3 Nd2 21. Rd1 Nxc4 22. e7 Rf6 23. Rd8 Kf7 24. Rxe8 Kxe8 25. Rc3 Rd6 26. g3 Nxb2 27. Rxc7 Rd7 28. Rc8+ Kxe7 29. Rh8 h6 30. Rg8 Kf7 31. Rb8 a5 32. Kf1 Ke6 33. Re8+ Kd6 34. f4 Kc6 35. Ke2 b5 36. Ke3 Nc4+ 37. Kf3 b4 38. Rc8+ Kb5 39. Ke2 Rd2+ 0-1

[Event "Edmonton closed"]
[Site "Edmonton CAN"]
[Date "1999.02.19"]
[Round "7"]
[White "Ottosen, David"]
[Black "Hughey, Micah"]
[Result "1/2-1/2"]
[WhiteElo "2070"]
[BlackElo "2065"]
[PlyCount "54"]
[GameId "2160767911805818"]
[EventDate "1999.01.08"]
[EventType "tourn"]
[EventRounds "7"]
[EventCountry "CAN"]

1. d4 d5 2. c4 e6 3. Nc3 c5 4. cxd5 exd5 5. Nf3 Nc6 6. g3 Nf6 7. Bg2 Be7 8. O-O O-O 9. Bg5 cxd4 10. Nxd4 h6 11. Bf4 Bg4 12. h3 Be6 13. Nxe6 fxe6 14. e4 d4 15. e5 dxc3 16. exf6 Bxf6 17. bxc3 Bxc3 18. Rb1 Qxd1 19. Rfxd1 Rad8 20. Rxd8 Nxd8 21. Bxb7 Nxb7 22. Rxb7 Rf7 23. Rb8+ Rf8 24. Rb3 Bd4 25. Be3 Bxe3 26. Rxe3 Re8 27. Kg2 Kf7 1/2-1/2

[Event "Espoirs vs Montreal"]
[Site "Montreal CAN"]
[Date "1999.11.20"]
[Round "1"]
[White "Glinert, Stephen"]
[Black "Mikanovic, Goran"]
[Result "1-0"]
[WhiteElo "2357"]
[BlackElo "2330"]
[PlyCount "76"]
[GameId "2160767911741805"]
[EventDate "1999.11.20"]
[EventType "schev"]
[EventRounds "4"]
[EventCountry "CAN"]

1. e4 c5 2. Nc3 Nc6 3. g3 g6 4. Bg2 Bg7 5. d3 d6 6. Be3 Rb8 7. Qd2 b5 8. Nge2 b4 9. Nd1 Nd4 10. O-O e6 11. Nc1 Ne7 12. c3 bxc3 13. bxc3 Ndc6 14. Bh6 O-O 15. Bxg7 Kxg7 16. Ne3 e5 17. Qc2 Bd7 18. Ne2 Qa5 19. Rfd1 Qa6 20. d4 cxd4 21. cxd4 Nb4 22. Qd2 Ba4 23. Rdc1 Qd3 24. Qxd3 Nxd3 25. Rc7 Nc8 26. dxe5 dxe5 27. Nc3 Nb6 28. Bf1 Nb4 29. Nxa4 Nxa4 30. a3 a5 31. axb4 Rxb4 32. Rc4 Rxc4 33. Bxc4 Nc5 34. Rxa5 Nxe4 35. Rxe5 Nd2 36. Bd5 h5 37. Re7 Kf6 38. Rb7 Rc8 1-0

[Event "Espoirs vs Montreal"]
[Site "Montreal CAN"]
[Date "1999.11.20"]
[Round "1"]
[White "Hua, Lefong"]
[Black "Schleifer, Michael"]
[Result "0-1"]
[WhiteElo "2311"]
[BlackElo "2403"]
[PlyCount "94"]
[GameId "2160767911741807"]
[EventDate "1999.11.20"]
[EventType "schev"]
[EventRounds "4"]
[EventCountry "CAN"]

1. d4 d5 2. c4 c6 3. cxd5 cxd5 4. Nc3 Nc6 5. Bf4 e6 6. e3 Bd6 7. Bg3 Nge7 8. Nf3 Nf5 9. Bd3 Nxg3 10. hxg3 g6 11. Rc1 Be7 12. Qd2 Bf6 13. Na4 Bg7 14. Nc5 O-O 15. Qc3 Qd6 16. Bb5 e5 17. Bxc6 exd4 18. Nxd4 bxc6 19. O-O f5 20. Rfd1 g5 21. Nd3 Bd7 22. Qc5 Rf6 23. Qxd6 Rxd6 24. Nc5 Bc8 25. Rc3 Rb8 26. Ra3 f4 27. Rxa7 fxg3 28. fxg3 Bg4 29. Rd2 Be5 30. Ra6 Rc8 31. Ra4 h5 32. Nf3 Bxg3 33. e4 Bf4 34. Rd3 Rb8 35. e5 Rh6 36. Ra6 Rxb2 37. Ra8+ Kf7 38. Ra7+ Kg6 39. Rc7 h4 40. Rxc6+ Kh5 41. Rxh6+ Kxh6 42. e6 Rxa2 43. Rxd5 Bxf3 44. gxf3 h3 45. Nb3 Rb2 46. Nd2 Bxd2 47. e7 Bf4 0-1

[Event "Espoirs vs Montreal"]
[Site "Montreal CAN"]
[Date "1999.11.20"]
[Round "2"]
[White "Mikanovic, Goran"]
[Black "Hua, Lefong"]
[Result "0-1"]
[WhiteElo "2330"]
[BlackElo "2311"]
[PlyCount "144"]
[GameId "2160767911741810"]
[EventDate "1999.11.20"]
[EventType "schev"]
[EventRounds "4"]
[EventCountry "CAN"]

1. d4 Nf6 2. c4 c5 3. d5 e6 4. Nc3 exd5 5. cxd5 d6 6. e4 g6 7. h3 Bg7 8. Nf3 O-O 9. Bd3 Re8 10. O-O a6 11. a4 c4 12. Bxc4 Nxe4 13. Nxe4 Rxe4 14. Bg5 Bf6 15. Nd2 Re8 16. Bxf6 Qxf6 17. Re1 Rxe1+ 18. Qxe1 Nd7 19. Qe8+ Kg7 20. Re1 Qf4 21. Re3 Nf6 22. Qd8 b5 23. Rf3 Qd4 24. Nb3 Qxb2 25. axb5 axb5 26. Bxb5 Bb7 27. Qxd6 Bxd5 28. Rxf6 Bxb3 29. Rf4 Ra1+ 30. Kh2 Rd1 31. Qb4 Qe5 32. h4 h6 33. Ba4 g5 34. hxg5 hxg5 35. Bxb3 Rd6 36. g3 gxf4 37. Qxf4 Qxf4 38. gxf4 Rd3 39. Ba4 Rf3 40. Kg2 Rxf4 41. Bc6 Kf6 42. Bb7 Ke5 43. Kg3 Rb4 44. Bc6 Rb3+ 45. Kg2 f6 46. Be8 Kf4 47. Bf7 Rb5 48. Be8 Rb2 49. Bc6 f5 50. Bd5 Rc2 51. Bb7 Rc3 52. Bd5 Ke5 53. Bf3 f4 54. Bb7 Rc7 55. Ba8 Rc3 56. Bb7 Kd4 57. Ba8 Kc4 58. Be4 Kb3 59. Kf1 Kb4 60. Kg2 Kc4 61. Bb7 Kb3 62. Be4 Kb2 63. Kf1 Rh3 64. Kg2 Ra3 65. Kf1 Kc3 66. Ke2 Kd4 67. Bb7 Ke5 68. Bc6 Kf5 69. Kf1 f3 70. Kg1 Kf4 71. Bb5 Ra5 72. Bc4 Rg5+ 0-1

[Event "Espoirs vs Montreal"]
[Site "Montreal CAN"]
[Date "1999.11.20"]
[Round "2"]
[White "Schleifer, Michael"]
[Black "Glinert, Stephen"]
[Result "1/2-1/2"]
[WhiteElo "2403"]
[BlackElo "2357"]
[PlyCount "80"]
[GameId "2160767911741811"]
[EventDate "1999.11.20"]
[EventType "schev"]
[EventRounds "4"]
[EventCountry "CAN"]

1. d4 Nf6 2. c4 g6 3. d5 c6 4. Nc3 cxd5 5. cxd5 Qa5 6. Qd2 Bg7 7. a3 Na6 8. Rb1 d6 9. b4 Qb6 10. Bb2 Bd7 11. e4 O-O 12. Bd3 Rac8 13. Nf3 Nc7 14. O-O Nb5 15. Ne2 Qd8 16. a4 Nc7 17. Bd4 e6 18. dxe6 Nxe6 19. Bxa7 Bc6 20. Ng3 Ra8 21. Be3 Rxa4 22. Nd4 Nxd4 23. Bxd4 d5 24. e5 Ne4 25. Qb2 Nxg3 26. hxg3 Re8 27. f4 Bf8 28. b5 Bd7 29. Qf2 Qe7 30. Rfc1 Rc8 31. Rd1 Qa3 32. Kh2 Bc5 33. Bxc5 Qxc5 34. Qf1 Be6 35. f5 gxf5 36. Bxf5 Qf8 37. Rb3 Qh6+ 38. Kg1 Rac4 39. g4 Rc3 40. Rxc3 Rxc3 1/2-1/2

[Event "Espoirs vs Montreal"]
[Site "Montreal CAN"]
[Date "1999.11.20"]
[Round "2"]
[White "Zugic, Igor"]
[Black "Hebert, Jean"]
[Result "1/2-1/2"]
[WhiteElo "2409"]
[BlackElo "2456"]
[PlyCount "61"]
[GameId "2160767911741812"]
[EventDate "1999.11.20"]
[EventType "schev"]
[EventRounds "4"]
[EventCountry "CAN"]

1. c4 Nf6 2. Nc3 e5 3. Nf3 Nc6 4. e3 Bb4 5. Nd5 Bd6 6. d4 exd4 7. Nxd4 Nxd5 8. cxd5 Nxd4 9. Qxd4 Qe7 10. Qxg7 Be5 11. Qg4 c6 12. Bd3 cxd5 13. O-O b6 14. Bd2 Bxb2 15. Rab1 Be5 16. f4 Bf6 17. e4 Bd4+ 18. Kh1 dxe4 19. Bxe4 d5 20. Bf5 Bxf5 21. Qxf5 O-O 22. Bb4 Bc5 23. Bxc5 bxc5 24. Qxd5 Rfd8 25. Qh5 Rac8 26. Rbe1 Qf6 27. Re5 c4 28. Rf5 Qe7 29. Re5 Qf6 30. Rf5 Qe7 31. Re5 1/2-1/2

[Event "Espoirs vs Montreal"]
[Site "Montreal CAN"]
[Date "1999.11.21"]
[Round "3"]
[White "Hebert, Jean"]
[Black "Glinert, Stephen"]
[Result "0-1"]
[WhiteElo "2456"]
[BlackElo "2357"]
[PlyCount "128"]
[GameId "2160767911741814"]
[EventDate "1999.11.20"]
[EventType "schev"]
[EventRounds "4"]
[EventCountry "CAN"]

1. d4 Nf6 2. c4 g6 3. Nc3 d5 4. cxd5 Nxd5 5. e4 Nxc3 6. bxc3 Bg7 7. Bc4 O-O 8. Ne2 Nc6 9. O-O b6 10. Be3 Bb7 11. f4 Na5 12. Bd3 f5 13. exf5 Qd5 14. Rf3 gxf5 15. Qa4 c5 16. Re1 Bc6 17. Qa3 Kh8 18. Bf2 Nc4 19. Qc1 Rg8 20. Ng3 e6 21. Bf1 cxd4 22. Rd3 Na5 23. Bxd4 Qxa2 24. Qe3 Rae8 25. Rd2 Qa3 26. Nh5 Bxd4 27. Qxd4+ e5 28. Rxe5 Nb3 29. Qd6 Qxd6 30. Rxd6 Rxe5 31. fxe5 Ba4 32. Bd3 Re8 33. e6 Nc5 34. Bxf5 Bb3 35. Nf6 Re7 36. Rd8+ Kg7 37. Ng8 Nxe6 38. Nxe7 Nxd8 39. Nc8 a5 40. Nxb6 a4 41. Nxa4 Bxa4 42. Kf2 Bb3 43. Ke3 Bg8 44. h4 Kf6 45. Be4 Ke5 46. g3 Ne6 47. Bb1 Ng7 48. g4 Ne8 49. Kf3 Nc7 50. Bd3 Ne6 51. Bf1 Nf4 52. c4 Ng6 53. Kg3 Nf4 54. c5 Bd5 55. g5 Be4 56. Bb5 Ne6 57. Kg4 Nxc5 58. Kh5 Nb7 59. Kh6 Nd6 60. Bd7 Bg6 61. Kg7 Nf5+ 62. Bxf5 Kxf5 63. Kh6 Kg4 64. h5 Kf5 0-1

[Event "Espoirs vs Montreal"]
[Site "Montreal CAN"]
[Date "1999.11.21"]
[Round "3"]
[White "Zugic, Igor"]
[Black "Schleifer, Michael"]
[Result "1-0"]
[WhiteElo "2409"]
[BlackElo "2403"]
[PlyCount "59"]
[GameId "2160767911741816"]
[EventDate "1999.11.20"]
[EventType "schev"]
[EventRounds "4"]
[EventCountry "CAN"]

1. c4 e5 2. Nc3 Nc6 3. g3 Bc5 4. Bg2 d6 5. a3 a5 6. e3 Nge7 7. d3 Be6 8. Nd5 O-O 9. Ne2 Bg4 10. h3 Bxe2 11. Qxe2 Nxd5 12. cxd5 Ne7 13. O-O f5 14. Kh2 Ng6 15. f4 Qe7 16. Bd2 Qd7 17. Rae1 Qb5 18. Bc3 Rae8 19. Qd2 Bb6 20. e4 exf4 21. gxf4 Ne7 22. Bf3 Rf7 23. Bh5 g6 24. Bd1 Kf8 25. a4 Qa6 26. Bb3 fxe4 27. dxe4 Ng8 28. e5 Nh6 29. f5 Nxf5 30. e6 1-0

[Event "Espoirs vs Montreal"]
[Site "Montreal CAN"]
[Date "1999.11.21"]
[Round "4"]
[White "Hua, Lefong"]
[Black "Hebert, Jean"]
[Result "1-0"]
[WhiteElo "2311"]
[BlackElo "2456"]
[PlyCount "85"]
[GameId "2160767911741818"]
[EventDate "1999.11.20"]
[EventType "schev"]
[EventRounds "4"]
[EventCountry "CAN"]

1. c4 e5 2. e3 Nf6 3. a3 c6 4. d4 exd4 5. Qxd4 d5 6. Nf3 Bd6 7. cxd5 cxd5 8. Nc3 Nc6 9. Qd3 O-O 10. Be2 a6 11. O-O Be6 12. b4 Rc8 13. Bb2 Bb8 14. Rac1 b5 15. Rfd1 Qe7 16. e4 Bf4 17. exd5 Bxc1 18. Bxc1 Bxd5 19. Nxd5 Nxd5 20. Re1 Nf6 21. Bb2 Qe4 22. Qd1 Rfd8 23. Qa1 Qf4 24. Qb1 h6 25. g3 Qd6 26. Rd1 Nd5 27. Qa1 f6 28. Bd3 Nce7 29. Nd4 Kh8 30. Re1 Re8 31. Re6 Qb8 32. Qe1 g6 33. Qe4 Kh7 34. Ne2 Qa8 35. h4 h5 36. Nc3 f5 37. Qe5 Rxc3 38. Bxc3 Nxc3 39. Rxe7+ Rxe7 40. Qxe7+ Kh6 41. Bxf5 Qc6 42. Bd3 Na4 43. Be4 1-0

[Event "Espoirs vs Montreal"]
[Site "Montreal CAN"]
[Date "1999.11.21"]
[Round "4"]
[White "Mikanovic, Goran"]
[Black "Zugic, Igor"]
[Result "1/2-1/2"]
[WhiteElo "2330"]
[BlackElo "2409"]
[PlyCount "33"]
[GameId "2160767911741819"]
[EventDate "1999.11.20"]
[EventType "schev"]
[EventRounds "4"]
[EventCountry "CAN"]

1. d4 Nf6 2. c4 e6 3. Nc3 Bb4 4. Qc2 O-O 5. a3 Bxc3+ 6. Qxc3 b6 7. Bg5 Bb7 8. f3 h6 9. Bh4 d5 10. e3 Nbd7 11. cxd5 exd5 12. Bd3 c5 13. Ne2 g5 14. Bf2 cxd4 15. exd4 Ne8 16. O-O Ng7 17. Rac1 1/2-1/2

[Event "Estrie op"]
[Site "Sherbrooke CAN"]
[Date "1999.12.03"]
[Round "1"]
[White "Auger, Bertrand"]
[Black "Sauve, Richard"]
[Result "0-1"]
[WhiteElo "2067"]
[BlackElo "1908"]
[PlyCount "78"]
[GameId "2160767911741759"]
[EventDate "1999.12.03"]
[EventType "swiss"]
[EventRounds "5"]
[EventCountry "CAN"]
[SourceTitle "EXT 2022"]
[Source "ChessBase"]
[SourceDate "2021.10.06"]
[SourceVersion "1"]
[SourceVersionDate "2021.10.06"]
[SourceQuality "1"]

1. Nf3 c5 2. b3 d5 3. g3 Nc6 4. Bb2 f6 5. Bg2 e5 6. d3 Be6 7. O-O Bd6 8. Nbd2 Nge7 9. c4 d4 10. Ne4 O-O 11. Nfd2 f5 12. Nxd6 Qxd6 13. a3 a5 14. Qc2 g5 15. g4 e4 16. gxf5 exd3 17. Qxd3 Nxf5 18. Ne4 Qe7 19. Qd2 h6 20. Ng3 Nh4 21. Be4 Rf4 22. Qc2 Raf8 23. e3 Nf3+ 24. Bxf3 Rxf3 25. Qg6+ Kh8 26. Qxh6+ Kg8 27. Qg6+ Kh8 28. exd4 Nxd4 29. Rae1 R3f6 30. Qh5+ Qh7 31. Re3 Bh3 32. Re7 Qxh5 33. Nxh5 Rh6 34. Rd1 Rd8 35. Ng3 Rb6 36. Rd3 Kg8 37. Ree3 Rxb3 38. Bc1 Rxd3 39. Rxd3 Nf3+ 0-1

[Event "Estrie op"]
[Site "Sherbrooke CAN"]
[Date "1999.12.03"]
[Round "1"]
[White "Lacroix, Serge"]
[Black "Larochelle, Martial"]
[Result "1/2-1/2"]
[WhiteElo "1981"]
[BlackElo "2195"]
[PlyCount "85"]
[GameId "2160767911741760"]
[EventDate "1999.12.03"]
[EventType "swiss"]
[EventRounds "5"]
[EventCountry "CAN"]
[SourceTitle "Lacroix"]

1. e4 c5 2. Nf3 d6 3. d4 cxd4 4. Nxd4 Nf6 5. Nc3 g6 6. Be3 Bg7 7. f3 Nc6 8. Qd2 O-O 9. Bc4 Bd7 10. O-O-O Ne5 11. Bb3 Rc8 12. Bh6 Bxh6 13. Qxh6 Rxc3 14. bxc3 Qa5 15. Qe3 Rc8 16. Kb2 b5 17. Ka1 Rxc3 18. Qd2 b4 19. h4 Nc4 20. Qg5 Qa3 21. Qc1 Qxc1+ 22. Rxc1 Nb6 23. Kb2 a5 24. a3 e5 25. Ne2 Re3 26. Ng3 a4 27. axb4 axb3 28. cxb3 d5 29. Rhe1 Rxe1 30. Rxe1 d4 31. Ra1 Be6 32. Ne2 Kf8 33. Ra6 Nfd7 34. Nc1 Ke7 35. Nd3 Kd6 36. Nc5 Kc6 37. Nd3 f5 38. Ra5 Kd6 39. Nc5 fxe4 40. fxe4 Bg4 41. Kc2 Be2 42. Kd2 Bf1 43. g4 1/2-1/2

[Event "Estrie op"]
[Site "Sherbrooke CAN"]
[Date "1999.12.03"]
[Round "1"]
[White "Paduano, Gennaro"]
[Black "Morin, Louis"]
[Result "0-1"]
[WhiteElo "1699"]
[BlackElo "1879"]
[PlyCount "65"]
[GameId "2160767911741761"]
[EventDate "1999.12.03"]
[EventType "swiss"]
[EventRounds "5"]
[EventCountry "CAN"]
[SourceTitle "hb 2013"]

1. e4 e5 2. Nf3 d6 3. d4 Nf6 4. Nc3 Nbd7 5. Bc4 Be7 6. O-O O-O 7. h3 c6 8. dxe5 dxe5 9. Qe2 b5 10. Bb3 Bb7 11. Bg5 h6 12. Bxf6 Bxf6 13. a3 Qe7 14. Rfe1 Nc5 15. Ba2 Ne6 16. Nd1 Nf4 17. Qf1 Bc8 18. Ne3 g6 19. Ng4 h5 20. Nxf6+ Qxf6 21. Re3 g5 22. Nh2 Kh7 23. Qe1 Rg8 24. g3 Bxh3 25. Rd1 Qg6 26. Qb4 Rad8 27. Rxd8 Rxd8 28. Re1 Rd4 29. Qe7 Ne2+ 30. Rxe2 Rd1+ 31. Nf1 Bxf1 32. Qxf7+ Qxf7 33. Bxf7 0-1

[Event "Estrie op"]
[Site "Sherbrooke CAN"]
[Date "1999.12.04"]
[Round "2"]
[White "Beaudoin, Stephane"]
[Black "Auger, Bertrand"]
[Result "0-1"]
[WhiteElo "2024"]
[BlackElo "2067"]
[PlyCount "68"]
[GameId "2160767911741762"]
[EventDate "1999.12.03"]
[EventType "swiss"]
[EventRounds "5"]
[EventCountry "CAN"]
[SourceTitle "EXT 2022"]
[Source "ChessBase"]
[SourceDate "2021.10.06"]
[SourceVersion "1"]
[SourceVersionDate "2021.10.06"]
[SourceQuality "1"]

1. e4 e6 2. d4 d5 3. Nc3 dxe4 4. Nxe4 Nf6 5. Nxf6+ gxf6 6. Be3 Nc6 7. Ne2 Ne7 8. Ng3 c6 9. c4 h5 10. h4 e5 11. Be2 Nf5 12. Nxf5 Bxf5 13. O-O Bg6 14. d5 cxd5 15. cxd5 Bd6 16. f4 exf4 17. Qa4+ Kf8 18. Bxf4 Bc5+ 19. Kh1 Qxd5 20. Bc4 Qc6 21. Bb5 Qb6 22. Rad1 Kg7 23. Rd7 Rac8 24. b4 Bf2 25. Rd6 Rc6 26. Bxc6 bxc6 27. Rxc6 Qd4 28. Rxf2 Qxf2 29. b5 Qxh4+ 30. Kg1 Kh7 31. Qd4 Re8 32. g3 Qh3 33. Rxf6 Re1+ 34. Kf2 Qf1# 0-1

[Event "Estrie op"]
[Site "Sherbrooke CAN"]
[Date "1999.12.04"]
[Round "2"]
[White "Morin, Louis"]
[Black "Shvab, Boris"]
[Result "1/2-1/2"]
[WhiteElo "1879"]
[BlackElo "1810"]
[PlyCount "102"]
[GameId "2160767911741763"]
[EventDate "1999.12.03"]
[EventType "swiss"]
[EventRounds "5"]
[EventCountry "CAN"]
[SourceTitle "hb 2013"]

1. e4 e6 2. d4 d5 3. e5 c5 4. Qg4 cxd4 5. Nf3 Nc6 6. Bd3 Nge7 7. O-O Ng6 8. Re1 Be7 9. a3 a5 10. b3 b6 11. Bb5 Bd7 12. Bxc6 Bxc6 13. Nxd4 Qc7 14. Qe2 O-O 15. Nd2 Bb7 16. N2f3 Ba6 17. Qe3 Rfc8 18. Bb2 Nf8 19. Qd2 Nd7 20. Re3 Nc5 21. Rc3 Qd7 22. Re1 Ne4 23. Rxc8+ Rxc8 24. Qe3 Bc5 25. c4 Bb7 26. cxd5 Bxd5 27. Qd3 Qb7 28. Re2 h6 29. h4 Be7 30. Rc2 Nc5 31. Qc3 Rd8 32. b4 Na4 33. Qc7 axb4 34. Qxb7 Bxb7 35. axb4 Bxb4 36. Rc4 Nxb2 37. Rxb4 Bxf3 38. Nxf3 Rd1+ 39. Kh2 Nd3 40. Rxb6 Nxf2 41. Kg3 Ne4+ 42. Kf4 Nc5 43. Rb8+ Kh7 44. g4 f6 45. exf6 gxf6 46. g5 hxg5+ 47. hxg5 Nd3+ 48. Ke3 Ne5 49. gxf6 Ng4+ 50. Ke2 Rd7 51. Ng5+ Kg6 1/2-1/2

[Event "Estrie op"]
[Site "Sherbrooke CAN"]
[Date "1999.12.04"]
[Round "2"]
[White "Roussel-Roozmon, Thomas"]
[Black "Lacroix, Serge"]
[Result "1-0"]
[WhiteElo "1899"]
[BlackElo "1981"]
[PlyCount "58"]
[GameId "2160767911741764"]
[EventDate "1999.12.03"]
[EventType "swiss"]
[EventRounds "5"]
[EventCountry "CAN"]
[SourceTitle "Lacroix"]

1. d4 Nf6 2. c4 e6 3. Nc3 Bb4 4. Nf3 O-O 5. g3 d6 6. Bg2 Qe7 7. Qc2 c5 8. O-O Nc6 9. Rd1 Bd7 10. Bg5 cxd4 11. Nxd4 Bxc3 12. Bxf6 Nxd4 13. Rxd4 Qxf6 14. Qxc3 e5 15. Rd2 Bc6 16. Rad1 Rfd8 17. Qa3 Bxg2 18. Kxg2 h5 19. Rxd6 Rxd6 20. Rxd6 Qf5 21. Qd3 e4 22. Qd5 Qg4 23. f3 exf3+ 24. exf3 Qc8 25. Rd7 Qe8 26. Kf2 h4 27. b3 hxg3+ 28. hxg3 a5 29. Qxb7 Rb8 1-0